Statistics for Gold Medal Countries at 2014 Winter Olympics (with a map)

Click here to take the quiz!

General Stats

  • This quiz has been taken 215 times
  • The average score is 18 of 21

Answers on the Map

Answers color-coded by a green-red scale on the quiz's map according to % correct below.
 

Answer Stats

goldsCountry% Correct
10Canada
99%
9United States
99%
1Finland
98%
8Germany
98%
13Russia
98%
2Sweden
98%
3China
97%
4France
97%
11Norway
97%
1Japan
95%
4Poland
92%
6Switzerland
91%
4Austria
90%
1Ukraine
86%
8Netherlands
84%
3South Korea
84%
2Czechia
82%
1Slovakia
74%
5Belarus
73%
2Slovenia
70%
1Great Britain
41%

Score Distribution

Percentile by Number Answered

Percent of People with Each Score

Your Score History

You have not taken this quiz